000 nam a22 7a 4500
999 _c332204
_d332204
003 NUST
005 20171117150048.0
008 171117b xxu||||| |||| 00| 0 eng d
040 _c0
082 _a628.5 ENV
245 _aEnvironmental Biotechnolog '96 vol-1-2:
_bPresentation preprints
260 _aNew Zealand
_bMassy University
_c1996
300 _a404p.
500 _aP.B
942 _2ddc
_cBK
_kIESE